Million Drops of Dreams/ (Record no. 211824)

MARC details
000 -LEADER
fixed length control field 00601nam a2200193 4500
005 - DATE AND TIME OF LATEST TRANSACTION
control field 20250616145518.0
010 ## - LCCN (DPL NO)
LC control number ENG-145371
020 ## - INTERNATIONAL STANDARD BOOK NUMBER
International Standard Book Number 9789357410649
Terms of availability 122.00
035 ## - SYSTEM CONTROL NUMBER
System control number EN-128903
037 ## - SOURCE OF ACQUISITION
Source of stock number/acquisition DBAD
082 ## - DEWEY DECIMAL CLASSIFICATION NUMBER
Classification number 881
Edition number 1
100 ## - MAIN ENTRY--PERSONAL NAME
Personal name Mathew, Brijil K
245 ## - TITLE STATEMENT
Title Million Drops of Dreams/
Statement of responsibility, etc Brijil K Mathew
250 ## - EDITION STATEMENT
Edition statement 1
260 ## - PUBLICATION, DISTRIBUTION, ETC. (IMPRINT)
Name of publisher, distributor, etc Bluerose Publishers
Date of publication, distribution, etc 2023
Place of publication, distribution, etc Uttar Pradesh
270 ## - ADDRESS
Electronic mail address www.bluerosepublishers.com
Address 3rd Floor, Plot No, 1, F Block, Sector 6, Noida,
City Uttar Pradesh
Postal code 201301
300 ## - PHYSICAL DESCRIPTION
Extent 50p.
Dimensions 21cm(pb)
942 ## - ADDED ENTRY ELEMENTS (KOHA)
Source of classification or shelving scheme Dewey Decimal Classification
Item type English Books
Classification part 881
Call number suffix MAT
Edition 1
Holdings
Withdrawn status Lost status Not for loan Collection code Home library Current library Date acquired Source of acquisition Cost, normal purchase price Full call number Barcode Copy number Cost, replacement price Koha item type
      Fiction Mobile Library Mobile Library 16/06/2025 Delivery of Books Act Division 122.00 881 MAT EN-128903 1 122.00 English Books

© Delhi Public Library
Hit Counter
free hit counter